[Event "Sports Meet Chess Tour 55th"]
[Site "New Delhi"]
[Date "2022.12.16"]
[Round "2.4"]
[White "Samkit Shreyasbhai, Shah"]
[Black "Hilmi, Parveen"]
[Result "0-1"]
[WhiteElo "1144"]
[BlackElo "1809"]
[PlyCount "74"]
[EventDate "2022.12.15"]
[EventType "team-swiss"]
[EventRounds "7"]
[EventCountry "IND"]
[SourceTitle "CBM 212 Extra"]
[Source "ChessBase"]
[SourceDate "2023.03.31"]
[SourceVersion "1"]
[SourceVersionDate "2023.03.31"]
[SourceQuality "1"]
[WhiteTeam "Jodhpur"]
[BlackTeam "Delhi"]
[WhiteTeamCountry "IND"]
[BlackTeamCountry "IND"]

1. d4 d5 2. Nf3 Nf6 3. Bf4 c5 4. c3 Nc6 5. e3 Qb6 6. Qc1 Bf5 7. Nbd2 h6 8. h3 e6 9. Be2 Be7 10. 0-0 0-0 11. Bd1 Rac8 12. dxc5 Bxc5 13. Bc2 Ne4 14. Nxe4 Bxe4 15. Bxe4 dxe4 16. Nd2 e5 17. Bh2 f5 18. Qc2 Kh8 19. Nc4 Qc7 20. a4 Be7 21. Qe2 a6 22. b4 Bf6 23. Rac1 Ne7 24. Na5 Nd5 25. Qb2 b6 26. c4 Nxb4 27. Qxb4 bxa5 28. Qc3 Qc5 29. Rc2 f4 30. Rd1 Rfd8 31. Rxd8+ Rxd8 32. Rd2 Rb8 33. Kf1 Rb1+ 34. Ke2 f3+ 35. gxf3 exf3+ 36. Kxf3 e4+ 37. Kg2 Bxc3 0-1

[Event "Titled Tuesday intern op 16th June"]
[Site "Chess.com INT"]
[Date "2020.06.16"]
[Round "7"]
[White "Hilmi, Parveen"]
[Black "Kirichenko, Vitaly"]
[Result "1/2-1/2"]
[WhiteElo "1809"]
[BlackElo "2292"]
[PlyCount "86"]
[EventDate "2020.06.16"]
[EventType "swiss (blitz)"]
[EventRounds "10"]
[EventCountry "USA"]
[SourceTitle "EXT 2021"]
[Source "ChessBase"]
[SourceDate "2020.10.23"]
[SourceVersion "1"]
[SourceVersionDate "2020.10.23"]
[SourceQuality "1"]

1. e4 e5 2. Nf3 Nc6 3. Nc3 Nf6 4. Nxe5 Nxe5 5. d4 Ng6 6. e5 Ng8 7. Bc4 d6 8. Qf3 Be6 9. Qxb7 Be7 10. d5 Bf5 11. e6 Nf6 12. exf7+ Kxf7 13. 0-0 Bxc2 14. Bg5 h6 15. Bxf6 Bxf6 16. Rac1 Bf5 17. Nb5 Re8 18. Qxc7+ Kg8 19. Qxd6 Bxb2 20. Rcd1 Qg5 21. f4 Qg4 22. Rd2 Bf6 23. Qc7 Rac8 24. d6+ Kh7 25. d7 Bxd7 26. Qxd7 Qxd7 27. Rxd7 Rxc4 28. Rxa7 Nxf4 29. g3 Ne2+ 30. Kg2 Be5 31. Rff7 Rc2 32. Nd6 Nf4+ 33. Kf3 Rc3+ 34. Kg4 h5+ 35. Kf5 Bxd6 36. Rxg7+ Kh8 37. Rh7+ Kg8 38. Rag7+ Kf8 39. Rf7+ Kg8 40. Rhg7+ Kh8 41. Rh7+ Kg8 42. Rhg7+ Kh8 43. Rh7+ Kg8 1/2-1/2

[Event "IND-ch U19 Girls 46th"]
[Site "Rajahmundry"]
[Date "2016.10.11"]
[Round "5"]
[White "Vaishali, Ramesh Babu"]
[Black "Hilmi, Parveen"]
[Result "1-0"]
[WhiteElo "2295"]
[BlackElo "1884"]
[PlyCount "91"]
[EventDate "2016.10.08"]
[EventType "swiss"]
[EventRounds "11"]
[EventCountry "IND"]
[SourceTitle "CBM 175 Extra"]
[Source "ChessBase"]
[SourceDate "2016.12.12"]
[SourceVersion "1"]
[SourceVersionDate "2016.12.12"]
[SourceQuality "1"]

1. e4 e6 2. d4 d5 3. Bd3 Nf6 4. e5 Nfd7 5. Nf3 c5 6. c3 Nc6 7. a3 Qb6 8. Bc2 a5 9. 0-0 Be7 10. Re1 cxd4 11. cxd4 f6 12. exf6 Nxf6 13. Nc3 Bd7 14. Na4 Qc7 15. Ng5 Nd8 16. Re3 h6 17. Bg6+ Kf8 18. Rc3 Bc6 19. Nf3 Bd6 20. Nc5 b6 21. Nd3 Ne4 22. Rc2 Ba4 23. Rxc7 Bxd1 24. Bf4 Bxc7 25. Bxc7 Bxf3 26. gxf3 Ng5 27. Ne5 Ndf7 28. Bxf7 Nxf7 29. Ng6+ Kg8 30. Nxh8 Kxh8 31. a4 Ng5 32. Kg2 Rf8 33. Ra3 Rc8 34. Bxb6 Rb8 35. Bxa5 Rxb2 36. Bc7 Rb7 37. Rc3 Rb4 38. a5 Rxd4 39. Bd6 Ra4 40. Ra3 Rc4 41. a6 Rc8 42. Rb3 Kh7 43. Rb8 Rc6 44. a7 Rxd6 45. a8Q d4 46. Rd8 1-0

[Event "IND-ch U19 Girls 46th"]
[Site "Rajahmundry"]
[Date "2016.10.09"]
[Round "3"]
[White "Chitlange, Sakshi"]
[Black "Hilmi, Parveen"]
[Result "1-0"]
[WhiteElo "2205"]
[BlackElo "1884"]
[PlyCount "141"]
[EventDate "2016.10.08"]
[EventType "swiss"]
[EventRounds "11"]
[EventCountry "IND"]
[SourceTitle "CBM 175 Extra"]
[Source "ChessBase"]
[SourceDate "2016.12.12"]
[SourceVersion "1"]
[SourceVersionDate "2016.12.12"]
[SourceQuality "1"]

1. d4 d5 2. c4 c6 3. Nf3 Nf6 4. g3 Bf5 5. Nc3 e6 6. Nh4 Bg4 7. h3 Bh5 8. cxd5 Nxd5 9. Bg2 Bb4 10. Bd2 Nb6 11. Bc1 Be7 12. Nf3 Bf6 13. Ne4 Be7 14. 0-0 Bg6 15. Ne5 N8d7 16. Bf4 Nxe5 17. Bxe5 Bxe4 18. Bxe4 Bf6 19. Bxf6 Qxf6 20. e3 0-0 21. Qh5 g6 22. Qc5 Nd5 23. Rfc1 Qd8 24. b4 a5 25. b5 Rc8 26. bxc6 Rxc6 27. Qa3 Rd6 28. Rab1 b6 29. Rb2 f5 30. Bxd5 exd5 31. Rbc2 Qf6 32. Rc7 Rfd8 33. Qa4 Qe6 34. Kh2 R8d7 35. R7c3 Rd8 36. Qb5 Kg7 37. a4 R8d7 38. Qa6 Qe7 39. Rc8 Ra7 40. Qb5 Qd7 41. Qb3 Rb7 42. Qa3 Qe7 43. R1c3 Rdd7 44. Qb3 Rd6 45. Qc2 Kh6 46. Qc1 Kg7 47. h4 Rdd7 48. Qb2 Rd6 49. Qb5 Qd7 50. Qb3 Qe7 51. Qc2 Rdd7 52. Qc1 Rd6 53. Ra8 Rd8 54. Rcc8 Rbd7 55. Rab8 Qd6 56. Ra8 Qe7 57. Qc6 Rxc8 58. Qxc8 Kh6 59. Rb8 Rc7 60. Qg8 Rc2 61. Re8 Qg7 62. Qxd5 Rxf2+ 63. Kg1 Rc2 64. Qd8 g5 65. Rg8 Rc1+ 66. Kf2 Rc2+ 67. Ke1 gxh4 68. Qxh4+ Kg6 69. Rxg7+ Kxg7 70. Qg5+ Kh8 71. Qxf5 1-0

[Event "IND-ch U19 Girls"]
[Site "Dindigul"]
[Date "2015.07.28"]
[Round "8"]
[White "Chitlange, Sakshi"]
[Black "Hilmi, Parveen"]
[Result "0-1"]
[WhiteElo "1989"]
[BlackElo "1853"]
[PlyCount "68"]
[EventDate "2015.07.23"]
[EventType "swiss"]
[EventRounds "11"]
[EventCountry "IND"]
[SourceTitle "EXT 2016"]
[Source "ChessBase"]
[SourceDate "2015.10.08"]
[SourceVersion "1"]
[SourceVersionDate "2015.10.08"]
[SourceQuality "1"]

1. d4 d5 2. c4 c6 3. Nc3 Nf6 4. e3 e6 5. Nf3 Bd6 6. Bd3 Nbd7 7. cxd5 exd5 8. Qc2 0-0 9. 0-0 Re8 10. a3 a5 11. Re1 Nf8 12. h3 Ng6 13. Rb1 Bd7 14. Na4 Ne4 15. Nc5 Bxc5 16. dxc5 Nh4 17. Nxh4 Qxh4 18. b4 Bxh3 19. gxh3 Re6 20. Bf1 Rg6+ 21. Bg2 Qxh3 22. f4 Qh4 23. Bb2 Rh6 24. Bxe4 dxe4 25. Qxe4 Qh2+ 26. Kf1 Rg6 27. Qxg6 hxg6 28. b5 cxb5 29. Bd4 b4 30. Rb2 Qh3+ 31. Kf2 Re8 32. Reb1 g5 33. fxg5 Re4 34. axb4 Rg4 0-1

[Event "Wch U20 Girls 32nd"]
[Site "Pune"]
[Date "2014.10.19"]
[Round "13"]
[White "Hilmi, Parveen"]
[Black "Turkova, Karolina"]
[Result "1/2-1/2"]
[WhiteElo "1757"]
[BlackElo "2033"]
[PlyCount "66"]
[EventDate "2014.10.06"]
[EventType "swiss"]
[EventRounds "13"]
[EventCountry "IND"]
[SourceTitle "EXT 2015"]
[Source "ChessBase"]
[SourceDate "2014.11.20"]
[SourceVersion "1"]
[SourceVersionDate "2014.11.20"]
[SourceQuality "1"]

1. e4 e5 2. Nf3 Nc6 3. Bb5 a6 4. Ba4 Nf6 5. 0-0 Be7 6. Re1 b5 7. Bb3 d6 8. c3 0-0 9. h3 Na5 10. Bc2 d5 11. exd5 e4 12. Bxe4 Nxe4 13. Rxe4 Bb7 14. d4 Re8 15. Bf4 Nc4 16. b3 Nb6 17. Be5 Nxd5 18. Re1 Bg5 19. a4 Bf4 20. Bxf4 Nxf4 21. Nbd2 Qf6 22. Kh2 Qg6 23. g3 Nd5 24. Rc1 Nf6 25. c4 Rxe1 26. Nxe1 bxa4 27. bxa4 Re8 28. Rc3 Ng4+ 29. Qxg4 Rxe1 30. d5 Qf6 31. Ne4 Qe5 32. Rb3 h5 33. Qf3 Rxe4 1/2-1/2

[Event "Wch U20 Girls 32nd"]
[Site "Pune"]
[Date "2014.10.11"]
[Round "6"]
[White "Michelle, Catherina P"]
[Black "Hilmi, Parveen"]
[Result "1/2-1/2"]
[WhiteElo "2114"]
[BlackElo "1757"]
[PlyCount "60"]
[EventDate "2014.10.06"]
[EventType "swiss"]
[EventRounds "13"]
[EventCountry "IND"]
[SourceTitle "EXT 2015"]
[Source "ChessBase"]
[SourceDate "2014.11.20"]
[SourceVersion "1"]
[SourceVersionDate "2014.11.20"]
[SourceQuality "1"]

1. e4 e6 2. d4 d5 3. Nc3 dxe4 4. Nxe4 Nd7 5. Nf3 Ngf6 6. Bg5 h6 7. Nxf6+ Nxf6 8. Be3 Bd6 9. Bd3 Qe7 10. Qe2 Bd7 11. Ne5 Nd5 12. Bd2 Nb4 13. Bxb4 Bxb4+ 14. c3 Bd6 15. Be4 c6 16. 0-0-0 0-0-0 17. Kb1 Kb8 18. Qe3 Rhg8 19. c4 g5 20. c5 Bc7 21. Bc2 f6 22. Nc4 Qg7 23. Rhe1 Rge8 24. Qc3 Bc8 25. Rd3 e5 26. dxe5 Rxd3 27. Qxd3 fxe5 28. Qg6 Qf8 29. Nd6 Re6 30. Qd3 Qxf2 1/2-1/2

[Event "Wch U20 Girls 32nd"]
[Site "Pune"]
[Date "2014.10.07"]
[Round "2"]
[White "Hilmi, Parveen"]
[Black "Caballero Quijano, Mitzy Mishell"]
[Result "1-0"]
[WhiteElo "1757"]
[BlackElo "1961"]
[PlyCount "57"]
[EventDate "2014.10.06"]
[EventType "swiss"]
[EventRounds "13"]
[EventCountry "IND"]
[SourceTitle "EXT 2015"]
[Source "ChessBase"]
[SourceDate "2014.11.20"]
[SourceVersion "1"]
[SourceVersionDate "2014.11.20"]
[SourceQuality "1"]

1. e4 e6 2. d4 d5 3. Nd2 c5 4. exd5 exd5 5. Ngf3 Nf6 6. Be2 Be7 7. 0-0 0-0 8. dxc5 Nbd7 9. b4 a5 10. c3 Qc7 11. Bb2 Rd8 12. Qc2 Nh5 13. Rfe1 Nf4 14. Bf1 Nf6 15. a3 Bg4 16. c4 Ng6 17. h3 Bxf3 18. Nxf3 axb4 19. axb4 Rxa1 20. Bxa1 b6 21. cxb6 Qxb6 22. b5 Rc8 23. Qf5 Rd8 24. Bd4 Qc7 25. Rc1 dxc4 26. Bxc4 Rd5 27. Qc2 Nf4 28. Bxd5 Ne2+ 29. Kh1 1-0

[Event "IND-ch U15 Girls"]
[Site "Thrissur"]
[Date "2014.08.10"]
[Round "9"]
[White "Potluri, Supreetha"]
[Black "Hilmi, Parveen"]
[Result "1-0"]
[WhiteElo "1738"]
[BlackElo "1785"]
[PlyCount "99"]
[EventDate "2014.08.04"]
[EventType "swiss"]
[EventRounds "11"]
[EventCountry "IND"]
[SourceTitle "CBM 162 Extra"]
[Source "ChessBase"]
[SourceDate "2014.10.17"]
[SourceVersion "1"]
[SourceVersionDate "2014.10.17"]
[SourceQuality "1"]

1. e4 e6 2. d4 d5 3. exd5 exd5 4. Bd3 Bd6 5. Qf3 Nc6 6. c3 Nge7 7. Bf4 Be6 8. Ne2 Ng6 9. Bxd6 Qxd6 10. Nd2 0-0-0 11. 0-0 Nh4 12. Qg3 Qxg3 13. Nxg3 Ne7 14. Rae1 Rde8 15. Nh5 Reg8 16. Nf4 Kd7 17. g3 Nhg6 18. Nxe6 fxe6 19. f4 Rf8 20. Nf3 Rf6 21. h4 Nc6 22. Ng5 Nf8 23. f5 h6 24. fxe6+ Ke7 25. Rxf6 gxf6 26. Nf7 Rg8 27. Kf2 Nxe6 28. Nxh6 Rh8 29. Nf5+ Kf7 30. g4 a6 31. Kg3 Nb8 32. Rf1 Nd7 33. Ne3 c6 34. g5 Ng7 35. g6+ Kf8 36. Nf5 a5 37. Re1 Rg8 38. Nxg7 Rxg7 39. h5 f5 40. Bxf5 Nf6 41. h6 Rc7 42. Kh4 c5 43. Kg5 Rc6 44. Be6 Ne4+ 45. Kf5 Nd6+ 46. Kg4 Ne8 47. g7+ Nxg7 48. Rf1+ Ke7 49. hxg7 Rxe6 50. g8Q 1-0

[Event "IND-ch U15 Girls 30th"]
[Site "Kolkata"]
[Date "2013.08.09"]
[Round "6"]
[White "Hilmi, Parveen"]
[Black "Tejaswini, Sagar"]
[Result "1/2-1/2"]
[WhiteElo "1745"]
[BlackElo "1921"]
[PlyCount "51"]
[EventDate "2013.08.06"]
[EventType "swiss"]
[EventRounds "11"]
[EventCountry "IND"]
[SourceTitle "CBM 155 Extra"]
[Source "ChessBase"]
[SourceDate "2013.08.26"]
[SourceVersion "1"]
[SourceVersionDate "2013.08.26"]
[SourceQuality "1"]

1. e4 d5 2. exd5 Nf6 3. d4 Bg4 4. Be2 Bxe2 5. Nxe2 Qxd5 6. 0-0 Nc6 7. Nbc3 Qh5 8. Ng3 Qxd1 9. Rxd1 0-0-0 10. Be3 e6 11. Nce4 Be7 12. c3 Rd5 13. Nd2 Rhd8 14. Rac1 b6 15. h3 Kb7 16. a3 R5d7 17. Re1 e5 18. Nf3 exd4 19. Bxd4 Nxd4 20. Nxd4 Nd5 21. Ne4 g6 22. Nf3 Nf4 23. Rc2 f5 24. Ned2 Bf6 25. Nc4 b5 26. Ne3 1/2-1/2

[Event "IND-ch U13 Girls"]
[Site "Puducherry"]
[Date "2013.07.05"]
[Round "8"]
[White "Shah, Vishwa Megh"]
[Black "Hilmi, Parveen"]
[Result "1-0"]
[WhiteElo "1646"]
[BlackElo "1733"]
[PlyCount "79"]
[EventDate "2013.06.30"]
[EventType "swiss"]
[EventRounds "11"]
[EventCountry "IND"]
[SourceTitle "EXT 2014"]
[Source "ChessBase"]
[SourceDate "2013.11.20"]
[SourceVersion "1"]
[SourceVersionDate "2013.11.20"]
[SourceQuality "1"]

1. e4 d5 2. exd5 Qxd5 3. Nc3 Qa5 4. d4 Nf6 5. Bc4 c6 6. Nge2 Bf5 7. 0-0 e6 8. Ng3 Bg6 9. f4 Be7 10. f5 exf5 11. Qe2 Ne4 12. Nxf5 Bxf5 13. Nxe4 Bxe4 14. Qxe4 f6 15. Re1 Qc7 16. Bf4 Qd7 17. d5 Kf8 18. d6 Bd8 19. Be6 Bb6+ 20. Kh1 Qd8 21. d7 Bc5 22. Rad1 Na6 23. Bb3 g5 24. Qe6 Qe7 25. d8Q+ Rxd8 26. Rxd8+ Kg7 27. Qxe7+ Bxe7 28. Rxe7+ Kg6 29. Rxh8 gxf4 30. Rxb7 h5 31. Rxa7 Nc5 32. Ra5 Ne4 33. Raxh5 f5 34. R8h6+ Kg7 35. Rxc6 Nf2+ 36. Kg1 Ng4 37. Rg5+ Kh7 38. Bg8+ Kh8 39. h3 f3 40. hxg4 1-0

[Event "IND-ch U13 Girls"]
[Site "Puducherry"]
[Date "2013.07.03"]
[Round "5"]
[White "Savant, Riya"]
[Black "Hilmi, Parveen"]
[Result "1-0"]
[WhiteElo "1966"]
[BlackElo "1733"]
[PlyCount "111"]
[EventDate "2013.06.30"]
[EventType "swiss"]
[EventRounds "11"]
[EventCountry "IND"]
[SourceTitle "EXT 2014"]
[Source "ChessBase"]
[SourceDate "2013.11.20"]
[SourceVersion "1"]
[SourceVersionDate "2013.11.20"]
[SourceQuality "1"]

1. d4 d5 2. Nf3 Nf6 3. g3 Bf5 4. Bg2 e6 5. 0-0 c6 6. Nbd2 h6 7. b3 Nbd7 8. Bb2 Be7 9. c4 0-0 10. Ne5 Rc8 11. Rc1 Ne4 12. Nxe4 Bxe4 13. Bxe4 dxe4 14. Qc2 Bg5 15. Rcd1 f5 16. Ba3 Re8 17. e3 Qc7 18. Nxd7 Qxd7 19. Qe2 Qc7 20. Rd2 Red8 21. Rfd1 Qa5 22. Bc1 Be7 23. Qh5 Bb4 24. Rc2 Kh7 25. c5 Ba3 26. Bxa3 Qxa3 27. Qf7 Qa5 28. Qxe6 Rf8 29. Qc4 Qc7 30. d5 cxd5 31. Rxd5 Qf7 32. Qd4 Rc7 33. Rd2 Re8 34. b4 Ree7 35. Rd6 Qe8 36. Qd5 Re5 37. Qb3 Ree7 38. Rd8 Qh5 39. Qg8+ Kg6 40. R8d6+ Kg5 41. h4+ Kg4 42. Qc4 f4 43. exf4 Qe8 44. Kh2 Qf7 45. Qe2+ Kf5 46. R2d5+ Qxd5 47. Rxd5+ Kg6 48. Qh5+ Kh7 49. f5 Rc8 50. Qg6+ Kh8 51. f6 Rec7 52. fxg7+ Rxg7 53. Qxh6+ Rh7 54. Qf6+ Rg7 55. Rh5+ Kg8 56. Qe6+ 1-0